Quiz o starożytnym Rzymie - Statystyki

Ogólne statystyki
  • Ten quiz został rozwiązany 458 razy
    440 od ostatniego zresetowania
  • Średni wynik to 10 z 17
Statystyki odpowiedzi
Podpowiedź Odpowiedź % Poprawnych
Ustrój starożytnego Rzymu który miał swojepoczątki w 509 r.p.n.e. Republika
82%
Legendarny rok założenia Rzymu (data p.n.e) 753
76%
Jak nazywali się uczniowie Jezusa? Apostołowie
75%
Rzymski Bóg wojny to: Mars
71%
Słynne powiedzenie oznaczające, że Rzymianiebudowali bardzo dużo dróg Wszystkie drogi prowadządo Rzymu
70%
Rzymski Bóg Bogów to: Jowisz
69%
Członkowie bogatych i znaczących rodów to: Patrycjusze
69%
Największy rzymski amfiteatr to: Koloseum
68%
Pierwszy historyczny rzymski cesarz to: Oktawian August
67%
Rzymskie oddziały wyszkolonych żołnierzy piechoty Legiony
58%
Co upadło w roku 476 n.e. w skutek kryzysów i najazdów barbarzyńskich Cesarstwo Zachodniorzymskie
56%
Kto sprawował władzę w powyższym ustroju? Senat
50%
Ważny dokument wydany w 313 r.n.e przez Konstantyna Wielkiego to: Edykt Mediolański
40%
Publiczne łaźnie z basenami i salami do uprawiania sportu to: Termy
38%
Kto napisał dzieło "Eneida"? Wergiliusz
37%
Starożytna nazwa podbitego przez Rzymterytorium Prowincja
31%
Rzymski zbiór praw wystawiony na Forum Romanumto: Prawo XII Tablic
15%
Nie znaleziono quizów pasujących do podanych kryteriów
Rozkład punktacji
Procent ludzi z każdym wynikiem
Percentyl według liczby udzielonych odpowiedzi
Twoja historia wyników
Nie rozwiązałeś tego quizu od ostatniego zresetowania